000 00660nam a22002057a 4500
003 OSt
005 20250624005450.0
008 250618b |||||||| |||| 00| 0 eng d
020 _a0-912075-02-3
040 _aDWCL - Main lib
_cOC
082 _aCirc. 362.293 N222 1988
245 _aNarcotics anonymous/
250 _aFifth edition
260 _aUnited States of Americ
_bWorld service office, Inc.,
_cc1988
300 _axv, 279 pages:
_billustrations;
_c22cm.
504 _aIncludes index.
650 _a1. Narcotics.
650 _a2. Narcotics addicts -- Rehabilitation - United States - Case Studies
942 _2ddc
_cBK-CIRC
_eFifth edition
_kCirc.
_n0
999 _c3140
_d3140